Bài giảng giải phẫu bệnh đại cương; T1

Gardado en:
Detalles Bibliográficos
Autor Principal: P Dustin
Formato: Libro
Idioma:Undetermined
Publicado: Hà Nội Y học 1975
Những chủ đề:
Các nhãn: Engadir etiqueta
Sen Etiquetas, Sexa o primeiro en etiquetar este rexistro!
Thư viện lưu trữ: Trung tâm Học liệu Trường Đại học Cần Thơ
LEADER 00516nam a2200181Ia 4500
001 CTU_7536
008 210402s9999 xx 000 0 und d
082 |a 616.07007 
082 |b D976/T1 
100 |a P Dustin 
245 0 |a Bài giảng giải phẫu bệnh đại cương; T1 
245 0 |c P Dustin 
260 |a Hà Nội 
260 |b Y học 
260 |c 1975 
650 |a nutrition,pathology 
904 |i Nguyễn Huỳnh Mai, 960822 
980 |a Trung tâm Học liệu Trường Đại học Cần Thơ